[Event "FRA-chT Top 12 (Women)"]
[Site "Mulhouse"]
[Date "2014.05.10"]
[Round "3.1"]
[White "Agababean, Naira"]
[Black "Javakhishvili, Lela"]
[Result "0-1"]
[WhiteElo "2180"]
[BlackElo "2475"]
[PlyCount "74"]
[EventDate "2014.05.09"]
[EventType "team-tourn"]
[EventRounds "5"]
[EventCountry "FRA"]
[SourceTitle "CBM 160 Extra"]
[Source "ChessBase"]
[SourceDate "2014.07.01"]
[SourceVersion "1"]
[SourceVersionDate "2014.07.01"]
[SourceQuality "1"]
[WhiteTeam "Monaco (W)"]
[BlackTeam "Bischwiller (W)"]
[WhiteTeamCountry "MNC"]
[BlackTeamCountry "FRA"]

1. d4 c5 2. d5 g6 3. c4 Bg7 4. Nc3 d6 5. e4 Nf6 6. Bd3 0-0 7. Nge2 e6 8. 0-0 a6 9. a4 Nbd7 10. f4 exd5 11. cxd5 Re8 12. h3 c4 13. Bxc4 Nxe4 14. Nxe4 Rxe4 15. Bd3 Re8 16. Bc2 Nf6 17. Nc3 Nh5 18. Qf3 Bd4+ 19. Kh2 Qh4 20. Bd2 Nf6 21. Rae1 Bd7 22. f5 g5 23. g3 g4 24. Qg2 gxh3 25. Qxh3 Qxh3+ 26. Kxh3 b5 27. axb5 axb5 28. g4 b4 29. Nd1 Bc5 30. Bb3 Ne4 31. Bf4 Bb5 32. Rh1 Bf2 33. Rxe4 Rxe4 34. Bxd6 Bb6 35. Bg3 Be2 36. Re1 Bxg4+ 37. Kh4 Bd8+ 0-1

[Event "FRA-chT Top 12 (Women)"]
[Site "Mulhouse"]
[Date "2014.05.10"]
[Round "2.1"]
[White "Madl, Ildiko"]
[Black "Agababean, Naira"]
[Result "1-0"]
[WhiteElo "2328"]
[BlackElo "2180"]
[PlyCount "57"]
[EventDate "2014.05.09"]
[EventType "team-tourn"]
[EventRounds "5"]
[EventCountry "FRA"]
[SourceTitle "CBM 160 Extra"]
[Source "ChessBase"]
[SourceDate "2014.07.01"]
[SourceVersion "1"]
[SourceVersionDate "2014.07.01"]
[SourceQuality "1"]
[WhiteTeam "La tour de Juvisy (W)"]
[BlackTeam "Monaco (W)"]
[WhiteTeamCountry "FRA"]
[BlackTeamCountry "MNC"]

1. e4 d6 2. d4 Nf6 3. Nc3 c6 4. a4 Nbd7 5. Nf3 e5 6. Bc4 Be7 7. 0-0 0-0 8. Re1 Qc7 9. h3 b6 10. b3 a6 11. Bb2 Rb8 12. Bd3 b5 13. dxe5 dxe5 14. Ne2 Re8 15. Ng3 Bf8 16. axb5 axb5 17. Qd2 Nc5 18. Bf1 Nfd7 19. Red1 f6 20. Ba3 Ne6 21. Bxf8 Ndxf8 22. Qe3 Bd7 23. Ra7 Rb7 24. Ra2 c5 25. c3 Bc6 26. Rda1 Reb8 27. h4 Be8 28. Nf5 Bf7 29. g3 1-0

[Event "Olympiad Women-37"]
[Site "Turin"]
[Date "2006.06.02"]
[Round "11"]
[White "Agababean, Naira"]
[Black "Dauletova, Gulmira"]
[Result "1/2-1/2"]
[WhiteElo "2200"]
[BlackElo "2144"]
[PlyCount "186"]
[EventDate "2006.05.21"]
[EventType "team-swiss"]
[EventRounds "13"]
[EventCountry "ITA"]
[SourceTitle "CBM 112 Extra"]
[Source "ChessBase"]
[SourceDate "2006.07.14"]
[SourceVersion "1"]
[SourceVersionDate "2006.07.14"]
[SourceQuality "1"]
[WhiteTeam "Moldova (W)"]
[BlackTeam "Kazakhstan (W)"]
[WhiteTeamCountry "MDA"]
[BlackTeamCountry "KAZ"]

1. d4 d5 2. Bg5 h6 3. Bh4 c6 4. e3 Qb6 5. Qc1 Bf5 6. Nf3 Nd7 7. Be2 Ngf6 8. 0-0 e6 9. Nbd2 Be7 10. c4 0-0 11. c5 Qd8 12. b4 Re8 13. Qb2 Ne4 14. Nxe4 Bxe4 15. Bxe7 Qxe7 16. Nd2 e5 17. Rfe1 Rad8 18. a4 Qg5 19. Bf1 exd4 20. exd4 Nf6 21. b5 Qh4 22. Qc3 Nh5 23. a5 a6 24. bxa6 bxa6 25. f3 Bf5 26. Rxe8+ Rxe8 27. Bxa6 Nf4 28. g3 Qg5 29. Nf1 Re2 30. Kh1 Bh3 31. Ne3 Rxe3 32. Qxe3 Bg2+ 33. Kg1 Nh3+ 34. Kxg2 Qxe3 35. Kxh3 Qxd4 36. Ra2 Qxc5 37. Bf1 Qa7 38. a6 c5 39. Bb5 g6 40. Bc6 c4 41. Kg2 d4 42. Bd5 c3 43. Bc4 Kg7 44. h4 Kf6 45. Bd3 Ke5 46. Ra1 Kd6 47. Kf2 Kc5 48. Rb1 c2 49. Rc1 Qe7 50. Rxc2+ Kd6 51. Re2 Qc7 52. Ra2 Qa7 53. Kg2 h5 54. Rb2 f5 55. Rb7 Qa8 56. Rg7 Kc5 57. Rb7 Kc6 58. Kh3 Qd8 59. Rg7 Kc5 60. Rxg6 Kb4 61. a7 Kc3 62. Ra6 Qa8 63. Bxf5 d3 64. Ra3+ Kb2 65. Rxd3 Qxa7 66. g4 Qg1 67. gxh5 Qf1+ 68. Kg4 Qg2+ 69. Kf4 Qh2+ 70. Kg5 Qg3+ 71. Kh6 Qe5 72. Bg6 Qh8+ 73. Kg5 Qe5+ 74. Kg4 Qe6+ 75. Kg3 Qe1+ 76. Kg4 Qe6+ 77. Bf5 Qg8+ 78. Kh3 Qf7 79. Bg6 Qe6+ 80. Kg3 Qe1+ 81. Kg4 Qe6+ 82. Kf4 Qf6+ 83. Kg3 Qe5+ 84. Kf2 Qh2+ 85. Ke3 Qe5+ 86. Kd2 Qh2+ 87. Ke3 Qe5+ 88. Be4 Qxh5 89. Rd2+ Kc3 90. Rc2+ Kb3 91. Rh2 Qc5+ 92. Ke2 Qg1 93. Rf2 Qh1 1/2-1/2

[Event "Olympiad Women-37"]
[Site "Turin"]
[Date "2006.05.27"]
[Round "6"]
[White "Agababean, Naira"]
[Black "Botvinnik, Irina"]
[Result "1-0"]
[WhiteElo "2200"]
[BlackElo "2211"]
[PlyCount "99"]
[EventDate "2006.05.21"]
[EventType "team-swiss"]
[EventRounds "13"]
[EventCountry "ITA"]
[SourceTitle "CBM 112 Extra"]
[Source "ChessBase"]
[SourceDate "2006.07.14"]
[SourceVersion "1"]
[SourceVersionDate "2006.07.14"]
[SourceQuality "1"]
[WhiteTeam "Moldova (W)"]
[BlackTeam "Israel (W)"]
[WhiteTeamCountry "MDA"]
[BlackTeamCountry "ISR"]

1. d4 d5 2. Bg5 Nd7 3. e3 Ngf6 4. Nf3 e6 5. Be2 Bd6 6. c4 c6 7. Nc3 b6 8. 0-0 Bb7 9. Rc1 0-0 10. a3 Qb8 11. Bxf6 Nxf6 12. h3 a5 13. Nd2 Bc7 14. cxd5 exd5 15. Re1 Qd8 16. Nf1 Re8 17. Bd3 Qd6 18. Qc2 Re7 19. Red1 Rae8 20. Rb1 g6 21. Rdc1 Kg7 22. b4 axb4 23. axb4 Nd7 24. Qb2 f5 25. b5 Nf6 26. bxc6 Bxc6 27. Bb5 Bd7 28. Bxd7 Qxd7 29. Nb5 Bb8 30. Qc2 Re6 31. g3 h5 32. Nc7 Bxc7 33. Qxc7 R8e7 34. Qxd7 Rxd7 35. Rb5 Ne4 36. Kg2 Nf6 37. Nd2 Ra7 38. Rc2 g5 39. Nf3 g4 40. Ne5 Rd6 41. Rcb2 Ra6 42. Nd3 Rc6 43. Nf4 Rc1 44. Rxb6 Raa1 45. Ne2 Rc7 46. h4 Ne4 47. Nf4 Rcc1 48. Rb7+ Kg8 49. Rb8+ Kf7 50. R2b7+ 1-0

[Event "Olympiad Women-37"]
[Site "Turin"]
[Date "2006.05.22"]
[Round "2"]
[White "Juergens, Vera"]
[Black "Agababean, Naira"]
[Result "1-0"]
[WhiteElo "2330"]
[BlackElo "2200"]
[PlyCount "93"]
[EventDate "2006.05.21"]
[EventType "team-swiss"]
[EventRounds "13"]
[EventCountry "ITA"]
[SourceTitle "CBM 112 Extra"]
[Source "ChessBase"]
[SourceDate "2006.07.14"]
[SourceVersion "1"]
[SourceVersionDate "2006.07.14"]
[SourceQuality "1"]
[WhiteTeam "Germany (W)"]
[BlackTeam "Moldova (W)"]
[WhiteTeamCountry "GER"]
[BlackTeamCountry "MDA"]

1. e4 d6 2. d4 Nf6 3. Nc3 c6 4. a4 b6 5. f4 Bg4 6. Qd3 Bc8 7. b4 e6 8. Rb1 Be7 9. Nf3 0-0 10. Be2 Bb7 11. 0-0 c5 12. e5 c4 13. Qxc4 d5 14. Qb3 Ne4 15. Be3 Nc6 16. Na2 f5 17. c4 Kh8 18. cxd5 exd5 19. Bd3 Qd7 20. Rbd1 Rad8 21. Bxe4 fxe4 22. Ng5 Bxg5 23. fxg5 Ne7 24. b5 Rxf1+ 25. Rxf1 a5 26. Qa3 Kg8 27. Nc3 Rf8 28. Rxf8+ Kxf8 29. Ne2 Ke8 30. h3 Qc7 31. Nf4 Nf5 32. Bf2 Qe7 33. Qxe7+ Nxe7 34. Ne6 g6 35. g4 Ng8 36. Be3 Ke7 37. Nf4 Kd7 38. Bc1 Ne7 39. Ba3 Ng8 40. Kf2 Ba8 41. Ke3 Bb7 42. h4 Ke8 43. e6 Ne7 44. h5 Ba8 45. h6 Bb7 46. Bxe7 Kxe7 47. Nxg6+ 1-0

[Event "ACP Blitz"]
[Site "Playchess.com INT"]
[Date "2006.??.??"]
[Round "5"]
[White "Agababean, Naira"]
[Black "Fedorov, Alexei"]
[Result "0-1"]
[WhiteElo "2151"]
[BlackElo "2617"]
[PlyCount "56"]
[EventDate "2006.12.??"]
[EventType "swiss (blitz)"]
[EventRounds "11"]
[EventCountry "GER"]
[SourceTitle "EXT 2013"]
[Source "ChessBase"]
[SourceDate "2012.11.22"]
[SourceVersion "1"]
[SourceVersionDate "2012.11.22"]
[SourceQuality "1"]

1. d4 Nf6 2. Bg5 Ne4 3. Bf4 c5 4. f3 Nf6 5. d5 Nh5 6. Bc1 e5 7. g3 d6 8. e4 Be7 9. Nc3 0-0 10. Be3 Bg5 11. Qd2 h6 12. 0-0-0 a6 13. h4 Bxe3 14. Qxe3 Nxg3 15. Rh2 Nh5 16. Nge2 b5 17. Rg2 Qf6 18. Rg1 Nd7 19. Ng3 Nxg3 20. Rxg3 Qf4 21. Qxf4 exf4 22. Rg1 Ne5 23. Be2 Bd7 24. b3 b4 25. Nb1 Bb5 26. Bxb5 axb5 27. Kb2 Ra7 28. Rg4 Nxg4 0-1

[Event "ACP Blitz"]
[Site "Playchess.com INT"]
[Date "2006.??.??"]
[Round "9"]
[White "Agababean, Naira"]
[Black "Polaczek, Richard"]
[Result "0-1"]
[WhiteElo "2151"]
[BlackElo "2423"]
[PlyCount "44"]
[EventDate "2006.12.??"]
[EventType "swiss (blitz)"]
[EventRounds "11"]
[EventCountry "GER"]
[SourceTitle "EXT 2013"]
[Source "ChessBase"]
[SourceDate "2012.11.22"]
[SourceVersion "1"]
[SourceVersionDate "2012.11.22"]
[SourceQuality "1"]

1. d4 d5 2. Bg5 c6 3. e3 h6 4. Bh4 Qb6 5. Qc1 e5 6. c3 e4 7. Nd2 Ne7 8. a3 Nf5 9. Bg3 c5 10. Qc2 Nc6 11. Ne2 Be6 12. Nf4 Rc8 13. Nxe6 fxe6 14. dxc5 Bxc5 15. Be2 0-0 16. 0-0 Bxe3 17. Kh1 Nxg3+ 18. fxg3 Ne5 19. Nb3 Bf2 20. Rad1 Rf6 21. Nd4 Bxd4 22. Rxf6 gxf6 0-1

[Event "ACP Blitz"]
[Site "Playchess.com INT"]
[Date "2006.??.??"]
[Round "3"]
[White "Agababean, Naira"]
[Black "Socko, Bartosz"]
[Result "0-1"]
[WhiteElo "2151"]
[BlackElo "2630"]
[PlyCount "70"]
[EventDate "2006.12.??"]
[EventType "swiss (blitz)"]
[EventRounds "11"]
[EventCountry "GER"]
[SourceTitle "EXT 2013"]
[Source "ChessBase"]
[SourceDate "2012.11.22"]
[SourceVersion "1"]
[SourceVersionDate "2012.11.22"]
[SourceQuality "1"]

1. d4 e6 2. Nf3 Nf6 3. Bf4 b6 4. e3 Bb7 5. Nbd2 d5 6. Bd3 Bd6 7. Bg5 h6 8. Bxf6 gxf6 9. a3 f5 10. g3 Nd7 11. b4 c5 12. c3 c4 13. Be2 Qc7 14. a4 Nf6 15. b5 a6 16. 0-0 Ke7 17. Qb1 Bc8 18. Qb2 Bd7 19. Rfb1 axb5 20. axb5 Ne4 21. Nxe4 fxe4 22. Nd2 Qb7 23. Kg2 Rxa1 24. Rxa1 Ra8 25. Rxa8 Qxa8 26. f3 f5 27. fxe4 fxe4 28. Qb1 Qa3 29. Nf1 Qxc3 30. Qd1 Bxb5 31. Bh5 Qb2+ 32. Kh1 Qf2 33. Nd2 c3 34. Nb3 c2 35. Qc1 Bf1 0-1

[Event "ACP Blitz"]
[Site "Playchess.com INT"]
[Date "2006.??.??"]
[Round "5"]
[White "Fedorov, Alexei"]
[Black "Agababean, Naira"]
[Result "1-0"]
[WhiteElo "2617"]
[BlackElo "2151"]
[PlyCount "59"]
[EventDate "2006.12.??"]
[EventType "swiss (blitz)"]
[EventRounds "11"]
[EventCountry "GER"]
[SourceTitle "EXT 2013"]
[Source "ChessBase"]
[SourceDate "2012.11.22"]
[SourceVersion "1"]
[SourceVersionDate "2012.11.22"]
[SourceQuality "1"]

1. e4 d6 2. d4 Nf6 3. Nc3 c6 4. Nf3 Bg4 5. Be2 e6 6. 0-0 Be7 7. Be3 a6 8. a4 0-0 9. a5 Bxf3 10. Bxf3 d5 11. g3 g6 12. e5 Nfd7 13. Ne2 Re8 14. h4 c5 15. c3 Nc6 16. h5 Bg5 17. Qd2 Be7 18. Kg2 Nxa5 19. Rae1 Nc4 20. Qc2 Nxe3+ 21. fxe3 Rc8 22. Bg4 Bf8 23. Nf4 Bg7 24. hxg6 hxg6 25. Nxg6 fxg6 26. Qxg6 Nf8 27. Qf7+ Kh8 28. Rh1+ Nh7 29. Rxh7+ Kxh7 30. Rh1+ 1-0

[Event "ACP Blitz"]
[Site "Playchess.com INT"]
[Date "2006.??.??"]
[Round "3"]
[White "Socko, Bartosz"]
[Black "Agababean, Naira"]
[Result "1-0"]
[WhiteElo "2630"]
[BlackElo "2151"]
[PlyCount "61"]
[EventDate "2006.12.??"]
[EventType "swiss (blitz)"]
[EventRounds "11"]
[EventCountry "GER"]
[SourceTitle "EXT 2013"]
[Source "ChessBase"]
[SourceDate "2012.11.22"]
[SourceVersion "1"]
[SourceVersionDate "2012.11.22"]
[SourceQuality "1"]

1. d4 Nf6 2. c4 d6 3. Nc3 g6 4. Bg5 Bg7 5. e3 0-0 6. Nf3 c6 7. Be2 Qc7 8. 0-0 e5 9. Rc1 a6 10. b4 Nbd7 11. c5 exd4 12. exd4 dxc5 13. bxc5 Re8 14. Bc4 Nf8 15. Ne5 Be6 16. Qb3 Bxc4 17. Qxc4 Ne6 18. Be3 Rad8 19. Rb1 Nd5 20. Ne4 Bxe5 21. dxe5 Rb8 22. Nd6 Rf8 23. Bh6 Rfd8 24. f4 Ne7 25. f5 gxf5 26. Qh4 Ng6 27. Qf6 Qe7 28. Nxf5 Qxc5+ 29. Kh1 Qxe5 30. Ne7+ Nxe7 31. Qxe5 1-0

[Event "Paris-ch"]
[Site "Paris"]
[Date "2004.07.10"]
[Round "8"]
[White "Agababean, Naira"]
[Black "Renaudin, Mathieu"]
[Result "1/2-1/2"]
[WhiteElo "2189"]
[BlackElo "2205"]
[PlyCount "125"]
[EventDate "2004.07.03"]
[EventType "swiss"]
[EventRounds "9"]
[EventCountry "FRA"]
[SourceTitle "CBM 101 Extra"]
[Source "ChessBase"]
[SourceDate "2004.09.01"]
[SourceVersion "2"]
[SourceVersionDate "2004.09.01"]
[SourceQuality "1"]

1. d4 Nf6 2. Bg5 c5 3. Bxf6 gxf6 4. d5 Qb6 5. Qc1 f5 6. Nc3 Bg7 7. Nd1 d6 8. e3 Nd7 9. Nf3 Nf6 10. c4 e6 11. Qd2 Ne4 12. Qc2 Bd7 13. Nd2 Qa5 14. a4 Ke7 15. Be2 Qb4 16. Ra3 Nxd2 17. Qxd2 Bxb2 18. Qxb4 cxb4 19. Rb3 Ba3 20. Nc3 Rhc8 21. 0-0 Rc5 22. e4 bxc3 23. Rxa3 fxe4 24. dxe6 Bxe6 25. Rxc3 Rac8 26. Re3 Re5 27. Rc1 d5 28. Rb1 d4 29. f4 dxe3 30. Rxb7+ Kf6 31. fxe5+ Kxe5 32. Kf1 Kd4 33. a5 a6 34. Rb6 Kc5 35. Ke1 Rc6 36. Rb7 h6 37. g4 f6 38. Rh7 f5 39. gxf5 Bxf5 40. Rf7 Bc8 41. h4 Kd4 42. Rf8 Ke5 43. h5 Be6 44. Rh8 Bf5 45. Re8+ Kf4 46. Rf8 Rc5 47. Bd1 Rxa5 48. c5 Rxc5 49. Bb3 a5 50. Be6 Kg5 51. Rg8+ Kh4 52. Bxf5 Rxf5 53. Ke2 Rxh5 54. Re8 Kg3 55. Kxe3 Rg5 56. Rxe4 h5 57. Ke2 h4 58. Kf1 Rf5+ 59. Kg1 h3 60. Re1 h2+ 61. Kh1 Rf3 62. Ra1 a4 63. Ra3 1/2-1/2

[Event "ACP Blitz Prelim1 3rd"]
[Site "Playchess.com INT"]
[Date "2004.05.31"]
[Round "2"]
[White "Agababean, Naira"]
[Black "Golubev, Mikhail"]
[Result "0-1"]
[WhiteElo "2216"]
[BlackElo "2527"]
[PlyCount "68"]
[EventDate "2004.05.31"]
[EventType "tourn (blitz)"]
[EventRounds "22"]
[EventCountry "GER"]
[EventCategory "11"]
[SourceTitle "CBM 100 Extra"]
[Source "ChessBase"]
[SourceDate "2004.07.06"]
[SourceVersion "2"]
[SourceVersionDate "2004.07.06"]
[SourceQuality "1"]

1. d4 Nf6 2. Bg5 Ne4 3. Bf4 c5 4. f3 Qa5+ 5. c3 Nf6 6. d5 Qb6 7. Bc1 e6 8. e4 exd5 9. exd5 Bd6 10. Na3 0-0 11. Nc4 Re8+ 12. Be2 Qc7 13. Bg5 b5 14. Bxf6 bxc4 15. Bg5 Bxh2 16. Qd2 Bg3+ 17. Kd1 Bb7 18. Bxc4 Re1+ 19. Kc2 Rxa1 20. Qd3 g6 21. Bf6 Qf4 22. Ne2 Qxf6 23. Rxa1 Bc7 24. Rh1 Ba6 25. Bxa6 Nxa6 26. g4 Re8 27. g5 Qf5 28. Qxf5 gxf5 29. Kd3 c4+ 30. Kd2 Nc5 31. Nd4 Re5 32. f4 Rxd5 33. Ke3 Ne6 34. Rh6 Bxf4+ 0-1

[Event "ACP Blitz Prelim1 3rd"]
[Site "Playchess.com INT"]
[Date "2004.05.31"]
[Round "11"]
[White "Agababean, Naira"]
[Black "Nielsen, Peter Heine"]
[Result "0-1"]
[WhiteElo "2216"]
[BlackElo "2638"]
[PlyCount "48"]
[EventDate "2004.05.31"]
[EventType "tourn (blitz)"]
[EventRounds "22"]
[EventCountry "GER"]
[EventCategory "11"]
[SourceTitle "CBM 100 Extra"]
[Source "ChessBase"]
[SourceDate "2004.07.06"]
[SourceVersion "2"]
[SourceVersionDate "2004.07.06"]
[SourceQuality "1"]

1. d4 d5 2. Nf3 Nf6 3. Bf4 c5 4. e3 Qb6 5. Qc1 Nc6 6. c3 cxd4 7. exd4 Bf5 8. Nbd2 Rc8 9. Nb3 Nb4 10. Be2 Nc2+ 11. Kf1 Nxa1 12. Qxa1 e6 13. h3 Be7 14. Nh4 0-0 15. Nxf5 exf5 16. f3 Nh5 17. Bh2 Bd6 18. g4 Bxh2 19. gxh5 Bg3 20. Kg2 f4 21. Bd3 Rfe8 22. Qb1 Qh6 23. Bf5 Re2+ 24. Kg1 Rce8 0-1

[Event "ACP Blitz Prelim1 3rd"]
[Site "Playchess.com INT"]
[Date "2004.05.31"]
[Round "10"]
[White "Bartel, Mateusz"]
[Black "Agababean, Naira"]
[Result "1-0"]
[WhiteElo "2482"]
[BlackElo "2216"]
[PlyCount "103"]
[EventDate "2004.05.31"]
[EventType "tourn (blitz)"]
[EventRounds "22"]
[EventCountry "GER"]
[EventCategory "11"]
[SourceTitle "CBM 100 Extra"]
[Source "ChessBase"]
[SourceDate "2004.07.06"]
[SourceVersion "2"]
[SourceVersionDate "2004.07.06"]
[SourceQuality "1"]

1. e4 c5 2. Ne2 Nc6 3. Nbc3 Nf6 4. g3 e5 5. Bg2 d6 6. d3 Be6 7. f4 Bg4 8. h3 Bxe2 9. Qxe2 Be7 10. 0-0 Qd7 11. g4 0-0-0 12. g5 Ne8 13. Nd5 Nc7 14. Nxc7 Qxc7 15. fxe5 Nxe5 16. Bf4 f6 17. gxf6 Bxf6 18. Kh1 Kb8 19. Rab1 Rhf8 20. c3 Ng6 21. Be3 Be5 22. d4 Bf4 23. Bf2 Rde8 24. Qg4 Qc8 25. Rbe1 Qxg4 26. hxg4 Rc8 27. Rd1 b6 28. Bf3 Bg5 29. Bg3 Bf4 30. Kg2 Bxg3 31. Kxg3 Rf7 32. Be2 Rcf8 33. Rf5 Ne7 34. Rxf7 Rxf7 35. dxc5 dxc5 36. Rd7 g6 37. Kg2 a5 38. Bc4 Rg7 39. e5 Kc8 40. e6 h5 41. g5 Nf5 42. Rxg7 Nxg7 43. Bd3 Nxe6 44. Kg3 Nxg5 45. Bxg6 Kc7 46. Bxh5 Ne4+ 47. Kf4 Nd2 48. Bf7 Kd6 49. Ke3 Nc4+ 50. Bxc4 Kc6 51. a4 Kd6 52. Bb5 1-0

[Event "ACP Blitz Prelim1 3rd"]
[Site "Playchess.com INT"]
[Date "2004.05.31"]
[Round "8"]
[White "Volokitin, Andrei"]
[Black "Agababean, Naira"]
[Result "1-0"]
[WhiteElo "2594"]
[BlackElo "2216"]
[PlyCount "81"]
[EventDate "2004.05.31"]
[EventType "tourn (blitz)"]
[EventRounds "22"]
[EventCountry "GER"]
[EventCategory "11"]
[SourceTitle "CBM 100 Extra"]
[Source "ChessBase"]
[SourceDate "2004.07.06"]
[SourceVersion "2"]
[SourceVersionDate "2004.07.06"]
[SourceQuality "1"]

1. e4 c5 2. Nf3 Nc6 3. Nc3 d6 4. d4 cxd4 5. Nxd4 e5 6. Nf3 Nf6 7. h3 Be7 8. Bc4 0-0 9. 0-0 a6 10. Re1 Qc7 11. Bf1 b5 12. a4 b4 13. Nd5 Nxd5 14. exd5 Na5 15. Bd2 Rb8 16. Re4 f5 17. Rxb4 Rxb4 18. Bxb4 Nc4 19. Bxc4 Qxc4 20. Qd2 Bb7 21. Nxe5 Qxd5 22. Qxd5+ Bxd5 23. Rd1 Be4 24. Nd3 Rb8 25. Ba3 Kf7 26. f3 Bc6 27. b3 g6 28. Nf4 Rd8 29. Nd5 Bf8 30. c4 Rb8 31. Nb4 Be8 32. a5 d5 33. Nxa6 Rxb3 34. Bxf8 Kxf8 35. Rxd5 Rc3 36. Rc5 Bf7 37. Nc7 Rxc4 38. Rxc4 Bxc4 39. a6 Ke7 40. a7 Kd7 41. a8Q 1-0

[Event "ACP Blitz Prelim1"]
[Site "Playchess.com INT"]
[Date "2004.04.12"]
[Round "5"]
[White "Agababean, Naira"]
[Black "Dimitrijevic, Aleksandra"]
[Result "0-1"]
[WhiteElo "2216"]
[BlackElo "2292"]
[PlyCount "86"]
[EventDate "2004.04.12"]
[EventType "tourn (blitz)"]
[EventRounds "17"]
[EventCountry "GER"]
[EventCategory "11"]
[SourceTitle "CBM 099 Extra"]
[Source "ChessBase"]
[SourceDate "2004.05.04"]
[SourceVersion "1"]
[SourceVersionDate "2004.05.04"]
[SourceQuality "1"]

1. d4 c5 2. d5 Nf6 3. g3 d6 4. Bg2 g6 5. c4 Bg7 6. Nc3 0-0 7. e4 e6 8. Nge2 exd5 9. cxd5 Re8 10. 0-0 b5 11. Qc2 b4 12. Nd1 Ba6 13. Re1 Nbd7 14. Ne3 Nb6 15. Rb1 c4 16. b3 Rc8 17. Bb2 c3 18. Bc1 Nfd7 19. a3 bxa3 20. Bxa3 Ne5 21. Bc1 Bd3 22. Qa2 Bxb1 23. Qxb1 Qc7 24. Qc2 a5 25. f4 Ned7 26. Kh1 Nc5 27. Rd1 f5 28. e5 dxe5 29. d6 Qd7 30. Nd5 Nxd5 31. Bxd5+ Kh8 32. Bg2 e4 33. Ba3 a4 34. bxa4 Nd3 35. Nc1 Qa7 36. Nxd3 exd3 37. Qxd3 c2 38. Rc1 Qf2 39. d7 Re1+ 40. Rxe1 Qxe1+ 41. Bf1 Rd8 42. Kg2 c1Q 43. Bxc1 Qxc1 0-1

[Event "ACP Blitz Prelim1"]
[Site "Playchess.com INT"]
[Date "2004.04.12"]
[Round "15"]
[White "Agababean, Naira"]
[Black "Pelletier, Yannick"]
[Result "0-1"]
[WhiteElo "2216"]
[BlackElo "2581"]
[PlyCount "42"]
[EventDate "2004.04.12"]
[EventType "tourn (blitz)"]
[EventRounds "17"]
[EventCountry "GER"]
[EventCategory "11"]
[SourceTitle "CBM 099 Extra"]
[Source "ChessBase"]
[SourceDate "2004.05.04"]
[SourceVersion "1"]
[SourceVersionDate "2004.05.04"]
[SourceQuality "1"]

1. d4 e6 2. Nf3 a6 3. g3 b5 4. Bg2 Bb7 5. 0-0 Nf6 6. Nbd2 Be7 7. Re1 0-0 8. e4 d6 9. c3 Nbd7 10. e5 Nd5 11. Ne4 h6 12. h4 dxe5 13. dxe5 c5 14. b3 Qc7 15. Bb2 c4 16. bxc4 bxc4 17. Bc1 Rad8 18. Qc2 Bc6 19. a4 Nxe5 20. Nxe5 Qxe5 21. Ng5 Qxe1+ 0-1

[Event "ACP Blitz Prelim1"]
[Site "Playchess.com INT"]
[Date "2004.04.12"]
[Round "17"]
[White "Agababean, Naira"]
[Black "Timofeev, Artyom"]
[Result "0-1"]
[WhiteElo "2216"]
[BlackElo "2591"]
[PlyCount "52"]
[EventDate "2004.04.12"]
[EventType "tourn (blitz)"]
[EventRounds "17"]
[EventCountry "GER"]
[EventCategory "11"]
[SourceTitle "CBM 099 Extra"]
[Source "ChessBase"]
[SourceDate "2004.05.04"]
[SourceVersion "1"]
[SourceVersionDate "2004.05.04"]
[SourceQuality "1"]

1. d4 d5 2. Nf3 e6 3. c4 c6 4. Nc3 dxc4 5. a4 Bb4 6. e3 b5 7. Be2 Ne7 8. 0-0 Bxc3 9. bxc3 Nd5 10. Qc2 0-0 11. e4 Ne7 12. Ba3 Nd7 13. Rfb1 a6 14. Bxe7 Qxe7 15. axb5 cxb5 16. Rxb5 axb5 17. Rxa8 Nb6 18. Ra5 Bd7 19. Qa2 Na4 20. Qd2 Qa3 21. Ra7 Be8 22. h3 Qxc3 23. Qg5 Qc2 24. Qe3 Nc3 25. Nd2 Nxe2+ 26. Qxe2 c3 0-1

[Event "ACP Blitz Prelim1"]
[Site "Playchess.com INT"]
[Date "2004.04.12"]
[Round "2"]
[White "Matveeva, Svetlana"]
[Black "Agababean, Naira"]
[Result "1-0"]
[WhiteElo "2496"]
[BlackElo "2216"]
[PlyCount "75"]
[EventDate "2004.04.12"]
[EventType "tourn (blitz)"]
[EventRounds "17"]
[EventCountry "GER"]
[EventCategory "11"]
[SourceTitle "CBM 099 Extra"]
[Source "ChessBase"]
[SourceDate "2004.05.04"]
[SourceVersion "1"]
[SourceVersionDate "2004.05.04"]
[SourceQuality "1"]

1. d4 Nf6 2. c4 g6 3. g3 Bg7 4. Bg2 c6 5. e4 d6 6. Nc3 0-0 7. Nf3 Qc7 8. 0-0 e5 9. d5 a6 10. Bg5 h6 11. Be3 Kh7 12. Rc1 c5 13. Ne1 Bd7 14. Nd3 b5 15. b3 b4 16. Ne2 a5 17. f4 exf4 18. gxf4 Ng4 19. Bd2 a4 20. h3 Nf6 21. e5 Ne8 22. Ng3 axb3 23. axb3 Ra2 24. Ne4 Bf5 25. Ra1 Rxa1 26. Qxa1 Qd7 27. Kh2 Bxe4 28. Bxe4 Qc7 29. Be1 Nd7 30. Bg3 h5 31. h4 Bh6 32. Qd1 Ng7 33. f5 gxf5 34. Bxf5+ Nxf5 35. Rxf5 Rg8 36. Rxf7+ Rg7 37. Qxh5 dxe5 38. Rxg7+ 1-0

[Event "ACP Blitz Prelim1"]
[Site "Playchess.com INT"]
[Date "2004.04.12"]
[Round "16"]
[White "Sasikiran, Krishnan"]
[Black "Agababean, Naira"]
[Result "1-0"]
[WhiteElo "2659"]
[BlackElo "2216"]
[PlyCount "85"]
[EventDate "2004.04.12"]
[EventType "tourn (blitz)"]
[EventRounds "17"]
[EventCountry "GER"]
[EventCategory "11"]
[SourceTitle "CBM 099 Extra"]
[Source "ChessBase"]
[SourceDate "2004.05.04"]
[SourceVersion "1"]
[SourceVersionDate "2004.05.04"]
[SourceQuality "1"]

1. d4 d5 2. c4 e6 3. Nc3 Nf6 4. Bg5 Be7 5. e3 0-0 6. Nf3 c6 7. Qc2 Nbd7 8. Rd1 a6 9. a3 dxc4 10. Bxc4 b5 11. Ba2 Nd5 12. Bb1 g6 13. Bh6 Re8 14. 0-0 Bb7 15. Ne4 Rc8 16. Nc5 Nxc5 17. dxc5 Qc7 18. e4 Nf6 19. Qc3 Rcd8 20. Rd6 e5 21. Qxe5 Rxd6 22. cxd6 Qxd6 23. Qc3 Qe6 24. Ng5 Qc4 25. Qxc4 bxc4 26. h3 c5 27. Rc1 Rd8 28. e5 Ne8 29. Ba2 Bxg5 30. Bxg5 Rd5 31. Bf4 g5 32. Bxc4 gxf4 33. Bxd5 Bxd5 34. Rxc5 Be6 35. Rc6 a5 36. Ra6 Kg7 37. Rxa5 Nc7 38. Rc5 Nd5 39. a4 Kg6 40. a5 Kf5 41. a6 Nb6 42. a7 Ke4 43. b4 1-0